[Event "RN-2015-0-00933"]
[Site "LSS email"]
[Date "2015.02.28"]
[Round "?"]
[White "Bieszk, Stanislaw"]
[Black "Ortega, Rayner"]
[Result "1-0"]
[WhiteElo "771"]
[BlackElo "504"]
[PlyCount "25"]
[EventDate "2015.02.18"]
[EventType "tourn (corr)"]
[EventRounds "6"]
[EventCountry "GER"]
[SourceTitle "Corr 2022"]
[Source "ChessBase"]
[SourceDate "2021.10.24"]
[SourceVersion "1"]
[SourceVersionDate "2021.10.24"]
[SourceQuality "1"]

1. e4 e5 2. Nf3 Nf6 3. d4 exd4 4. Nxd4 Be7 5. Bd3 0-0 6. Nc3 d6 7. f3 c5 8. Nde2 Nbd7 9. Be3 Ne5 10. Nf4 Nxd3+ 11. Qxd3 a6 12. g4 h6 13. 0-0-0 1-0

[Event "LSS No Engine Cup 126 Preliminary 0"]
[Site "LSS email"]
[Date "2015.02.28"]
[Round "?"]
[White "Korinek, Jaroslav"]
[Black "Ortega, Rayner"]
[Result "1-0"]
[WhiteElo "2030"]
[BlackElo "1600"]
[PlyCount "23"]
[EventDate "2015.03.01"]
[EventType "tourn (corr)"]
[EventRounds "6"]
[EventCountry "GER"]
[SourceTitle "Corr 2022"]
[Source "ChessBase"]
[SourceDate "2021.10.24"]
[SourceVersion "1"]
[SourceVersionDate "2021.10.24"]
[SourceQuality "1"]

1. d4 d5 2. c4 dxc4 3. e3 e5 4. Bxc4 Nf6 5. Qb3 Qe7 6. Nf3 exd4 7. 0-0 dxe3 8. Bxe3 Nc6 9. Re1 Na5 10. Qb5+ Nc6 11. Nc3 Qd6 12. Bc5+ 1-0

[Event "RN-2015-0-00933"]
[Site "LSS email"]
[Date "2015.02.28"]
[Round "?"]
[White "Ortega, Rayner"]
[Black "Lenz, Juergen"]
[Result "0-1"]
[WhiteElo "504"]
[BlackElo "1124"]
[PlyCount "100"]
[EventDate "2015.02.18"]
[EventType "tourn (corr)"]
[EventRounds "6"]
[EventCountry "GER"]
[SourceTitle "Corr 2022"]
[Source "ChessBase"]
[SourceDate "2021.10.24"]
[SourceVersion "1"]
[SourceVersionDate "2021.10.24"]
[SourceQuality "1"]

1. e4 d5 2. exd5 Qxd5 3. Nc3 Qa5 4. Nb5 c6 5. Nd4 e5 6. Nb3 Qc7 7. d4 exd4 8. Nxd4 Nf6 9. Bg5 Be7 10. Ngf3 0-0 11. Bd3 Bg4 12. h3 Bh5 13. Bxf6 Bxf6 14. c3 Nd7 15. 0-0 Nc5 16. Qc2 Bg6 17. Bxg6 hxg6 18. Rae1 Rae8 19. Rxe8 Rxe8 20. Re1 Rxe1+ 21. Nxe1 Bxd4 22. cxd4 Ne6 23. d5 cxd5 24. Qxc7 Nxc7 25. Nd3 b6 26. a4 Kf8 27. b4 Ke7 28. a5 Kd6 29. axb6 axb6 30. g4 d4 31. f4 Kd5 32. Kf2 Ke4 33. Ne5 Kxf4 34. Nxf7 Nd5 35. Nh8 g5 36. Nf7 Nxb4 37. Ke2 Nc6 38. Nh6 g6 39. Nf7 b5 40. Kd2 Ne5 41. Nd6 b4 42. Nb5 Ke4 43. Nd6+ Kd5 44. Nb5 b3 45. Kc1 Kc4 46. Na3+ Kd3 47. Kb2 Nc4+ 48. Kxb3 Nxa3 49. Kxa3 Ke2 50. Kb2 d3 0-1

[Event "RN-2015-0-00933"]
[Site "LSS email"]
[Date "2015.02.28"]
[Round "?"]
[White "Ortega, Rayner"]
[Black "Neumann, Frank"]
[Result "0-1"]
[WhiteElo "504"]
[BlackElo "449"]
[PlyCount "26"]
[EventDate "2015.02.18"]
[EventType "tourn (corr)"]
[EventRounds "6"]
[EventCountry "GER"]
[SourceTitle "Corr 2022"]
[Source "ChessBase"]
[SourceDate "2021.10.24"]
[SourceVersion "1"]
[SourceVersionDate "2021.10.24"]
[SourceQuality "1"]

1. e4 e5 2. Nf3 Nc6 3. Bc4 Nf6 4. d3 Be7 5. c3 0-0 6. Qb3 Na5 7. Qa4 Nc6 8. Qb3 Na5 9. Bxf7+ Rxf7 10. Qc2 b6 11. Nxe5 Rf8 12. b4 Nb7 13. Qb3+ d5 0-1

[Event "LSS No Engine Cup 126 Preliminary 0"]
[Site "LSS email"]
[Date "2015.02.28"]
[Round "?"]
[White "Rodriguez, Elsiomo"]
[Black "Ortega, Rayner"]
[Result "1-0"]
[WhiteElo "1600"]
[BlackElo "1600"]
[PlyCount "59"]
[EventDate "2015.03.01"]
[EventType "tourn (corr)"]
[EventRounds "6"]
[EventCountry "GER"]
[SourceTitle "Corr 2022"]
[Source "ChessBase"]
[SourceDate "2021.10.24"]
[SourceVersion "1"]
[SourceVersionDate "2021.10.24"]
[SourceQuality "1"]

1. e4 e5 2. f4 exf4 3. Nf3 Be7 4. Bc4 d6 5. d4 c6 6. Bxf4 Nf6 7. Nbd2 Bg4 8. 0-0 0-0 9. Qe1 Bxf3 10. Nxf3 d5 11. exd5 cxd5 12. Bd3 Nc6 13. c3 Ne4 14. Bxe4 dxe4 15. Qxe4 Bf6 16. Rae1 Ne7 17. Bg5 Bxg5 18. Nxg5 Ng6 19. Nf3 f5 20. Qe6+ Kh8 21. Ne5 Nxe5 22. Rxe5 Qb6 23. Qxb6 axb6 24. Rexf5 Rxf5 25. Rxf5 g6 26. Rb5 Rxa2 27. Rxb6 Kg8 28. Rxb7 h5 29. c4 Kf8 30. c5 1-0

[Event "RN-2015-0-00933"]
[Site "LSS email"]
[Date "2015.02.28"]
[Round "?"]
[White "Venturas, Bob"]
[Black "Ortega, Rayner"]
[Result "1-0"]
[WhiteElo "539"]
[BlackElo "504"]
[PlyCount "23"]
[EventDate "2015.02.18"]
[EventType "tourn (corr)"]
[EventRounds "6"]
[EventCountry "GER"]
[SourceTitle "Corr 2022"]
[Source "ChessBase"]
[SourceDate "2021.10.24"]
[SourceVersion "1"]
[SourceVersionDate "2021.10.24"]
[SourceQuality "1"]

1. e4 e5 2. Nf3 Nc6 3. Bc4 d6 4. 0-0 Be6 5. Bxe6 fxe6 6. Nc3 Be7 7. d4 exd4 8. Nxd4 Nxd4 9. Qxd4 e5 10. Qd3 Qd7 11. Nd5 0-0-0 12. Qe3 1-0

[Event "OP-2015-0-03657"]
[Site "LSS email"]
[Date "2015.02.27"]
[Round "?"]
[White "Firnhaber, Ingo"]
[Black "Ortega, Rayner"]
[Result "1-0"]
[WhiteElo "2415"]
[BlackElo "504"]
[PlyCount "43"]
[EventDate "2015.02.23"]
[EventType "tourn (corr)"]
[EventRounds "4"]
[EventCountry "GER"]
[SourceTitle "Corr 2022"]
[Source "ChessBase"]
[SourceDate "2021.10.24"]
[SourceVersion "1"]
[SourceVersionDate "2021.10.24"]
[SourceQuality "1"]

1. e4 e5 2. Nf3 Nc6 3. Bb5 Nf6 4. 0-0 Bc5 5. Nxe5 Nxe5 6. d4 Nc6 7. dxc5 0-0 8. Nc3 a6 9. Ba4 d6 10. Bf4 dxc5 11. Bxc6 Qxd1 12. Raxd1 bxc6 13. Bxc7 Bg4 14. f3 Rac8 15. Bd6 Be6 16. Bxf8 Kxf8 17. Na4 c4 18. Nc5 c3 19. Nxe6+ fxe6 20. bxc3 g5 21. Rb1 Nd7 22. Rb7 1-0

[Event "SN-2014-0-00614"]
[Site "LSS email"]
[Date "2014.07.31"]
[Round "?"]
[White "Semenov, Zhenya"]
[Black "Ortega, Rayner"]
[Result "1-0"]
[WhiteElo "950"]
[BlackElo "546"]
[PlyCount "63"]
[EventDate "2014.07.15"]
[EventType "tourn (corr)"]
[EventRounds "6"]
[EventCountry "GER"]
[SourceTitle "Corr 2022"]
[Source "ChessBase"]
[SourceDate "2021.10.24"]
[SourceVersion "1"]
[SourceVersionDate "2021.10.24"]
[SourceQuality "1"]

1. Nf3 d5 2. d4 e5 3. dxe5 Be6 4. Nc3 Bb4 5. Bd2 Nc6 6. a3 Bc5 7. Na4 Bb6 8. Nxb6 cxb6 9. e3 Nge7 10. Bb5 0-0 11. 0-0 a6 12. Bd3 Bg4 13. h3 Bxf3 14. Qxf3 Nxe5 15. Qh5 Nxd3 16. cxd3 Rc8 17. Rac1 Nc6 18. f4 Qf6 19. Bc3 Qg6 20. Qxg6 fxg6 21. b4 a5 22. b5 Na7 23. a4 g5 24. fxg5 Rxf1+ 25. Kxf1 Re8 26. Bd4 Nc8 27. Rc7 Nd6 28. Rxg7+ Kf8 29. Rxh7 Nf5 30. Bxb6 Nxe3+ 31. Bxe3 Rxe3 32. Rxb7 1-0

[Event "OP-2014-0-03443"]
[Site "LSS email"]
[Date "2014.07.20"]
[Round "?"]
[White "Narkun, Michal"]
[Black "Ortega, Rayner"]
[Result "1-0"]
[WhiteElo "2283"]
[BlackElo "562"]
[PlyCount "51"]
[EventDate "2014.07.14"]
[EventType "tourn (corr)"]
[EventRounds "4"]
[EventCountry "GER"]
[SourceTitle "Corr 2015"]
[Source "ChessBase"]
[SourceDate "2015.07.17"]
[SourceVersion "1"]
[SourceVersionDate "2015.07.17"]
[SourceQuality "1"]

1. d4 d5 2. c4 c6 3. Nf3 e6 4. e3 Nf6 5. Nbd2 Bb4 6. a3 Bxd2+ 7. Bxd2 0-0 8. Rc1 Nbd7 9. Bd3 Ne4 10. 0-0 Ndf6 11. Bb4 Re8 12. a4 a5 13. Ba3 Qc7 14. Ne5 b6 15. cxd5 exd5 16. Rxc6 Qb7 17. Qc2 Bd7 18. Rc7 Qb8 19. Nxd7 Nxd7 20. Rxd7 Qc8 21. Rxd5 Nf6 22. Rb5 Qxc2 23. Bxc2 Rab8 24. Rc1 Rec8 25. Bd6 Rb7 26. Bxh7+ 1-0

[Event "OP-2014-0-03443"]
[Site "LSS email"]
[Date "2014.07.20"]
[Round "?"]
[White "Ortega, Rayner"]
[Black "Caillet, Serge"]
[Result "0-1"]
[WhiteElo "562"]
[BlackElo "1996"]
[PlyCount "22"]
[EventDate "2014.07.14"]
[EventType "tourn (corr)"]
[EventRounds "4"]
[EventCountry "GER"]
[SourceTitle "Corr 2015"]
[Source "ChessBase"]
[SourceDate "2015.07.17"]
[SourceVersion "1"]
[SourceVersionDate "2015.07.17"]
[SourceQuality "1"]

1. e4 c5 2. Nf3 d6 3. Bb5+ Nd7 4. 0-0 a6 5. Bc4 Ngf6 6. d3 b5 7. Bb3 Bb7 8. c4 e6 9. Bg5 Be7 10. Nbd2 h6 11. Bxf6 Nxf6 0-1

[Event "ZN-2014-0-02753"]
[Site "LSS email"]
[Date "2014.07.07"]
[Round "?"]
[White "Simmons, Ernest"]
[Black "Ortega, Rayner"]
[Result "1-0"]
[WhiteElo "760"]
[BlackElo "562"]
[PlyCount "91"]
[EventDate "2014.07.04"]
[EventType "match (corr)"]
[EventRounds "2"]
[EventCountry "GER"]
[SourceTitle "Corr 2015"]
[Source "ChessBase"]
[SourceDate "2015.07.17"]
[SourceVersion "1"]
[SourceVersionDate "2015.07.17"]
[SourceQuality "1"]

1. Nf3 d5 2. g3 Bg4 3. Bg2 e6 4. d3 c5 5. 0-0 Bd6 6. Bg5 f6 7. Bd2 Ne7 8. Re1 Nbc6 9. Nc3 a6 10. Be3 d4 11. Bd2 dxc3 12. Bxc3 e5 13. e4 0-0 14. Qd2 b5 15. b3 b4 16. Bb2 Bxf3 17. Bxf3 Qd7 18. Qe2 Nd4 19. Qd1 Nxf3+ 20. Qxf3 Rf7 21. Qg2 Raf8 22. c3 Nc6 23. c4 f5 24. Bc1 f4 25. a3 fxg3 26. fxg3 Rf2 27. Qh1 Nd4 28. Be3 Nf3+ 29. Kxf2 Nd4+ 30. Kg2 Nc2 31. Re2 Nxa1 32. Qxa1 Qg4 33. Rf2 Rxf2+ 34. Bxf2 h5 35. axb4 cxb4 36. Qxa6 Bf8 37. Qa8 Qe2 38. Qd5+ Kh8 39. c5 Qb2 40. c6 Qc2 41. Qc4 Qxc4 42. dxc4 Bd6 43. Bb6 Kg8 44. c7 Bxc7 45. Bxc7 Kf7 46. Bxe5 1-0

[Event "ZN-2014-0-02746"]
[Site "LSS email"]
[Date "2014.06.29"]
[Round "?"]
[White "Ortega, Rayner"]
[Black "Lauer, Fredric"]
[Result "0-1"]
[WhiteElo "562"]
[BlackElo "1065"]
[PlyCount "50"]
[EventDate "2014.06.19"]
[EventType "match (corr)"]
[EventRounds "2"]
[EventCountry "GER"]
[SourceTitle "Corr 2015"]
[Source "ChessBase"]
[SourceDate "2015.07.17"]
[SourceVersion "1"]
[SourceVersionDate "2015.07.17"]
[SourceQuality "1"]

1. e4 c5 2. Nf3 Nf6 3. d3 Nc6 4. c4 g6 5. Be2 Bg7 6. Bd2 0-0 7. h4 d6 8. Nc3 Bg4 9. Nh2 Bxe2 10. Qxe2 Nd4 11. Qd1 Rc8 12. a3 e5 13. Be3 h5 14. Bxd4 exd4 15. Nb5 a6 16. Qa4 axb5 17. Qxb5 Qd7 18. Qb3 Qc6 19. 0-0 Qd7 20. Nf3 Ng4 21. Rae1 Ne5 22. Qd1 Qg4 23. b4 b6 24. b5 Nxf3+ 25. Kh1 Qxh4# 0-1

[Event "RN-2014-0-00815"]
[Site "LSS email"]
[Date "2014.06.25"]
[Round "?"]
[White "Bieszk, Stanislaw"]
[Black "Ortega, Rayner"]
[Result "1-0"]
[WhiteElo "850"]
[BlackElo "562"]
[PlyCount "65"]
[EventDate "2014.06.15"]
[EventType "tourn (corr)"]
[EventRounds "6"]
[EventCountry "GER"]
[SourceTitle "Corr 2015"]
[Source "ChessBase"]
[SourceDate "2015.07.17"]
[SourceVersion "1"]
[SourceVersionDate "2015.07.17"]
[SourceQuality "1"]

1. a3 d5 2. Nf3 h6 3. g3 Nc6 4. Bg2 e5 5. e3 Bg4 6. h3 Bh5 7. g4 Bg6 8. d4 e4 9. Nh2 Bd6 10. Nd2 Nf6 11. c4 dxc4 12. Nxc4 Bxh2 13. Rxh2 0-0 14. Bd2 Ne7 15. Ne5 c6 16. Qc2 Bh7 17. h4 Qd6 18. g5 Nd7 19. Nxd7 Qxh2 20. Bxe4 Qg1+ 21. Ke2 Qxa1 22. Bxh7+ Kh8 23. Nxf8 Rxf8 24. Bd3 Qh1 25. gxh6 g6 26. Bb4 Qxh4 27. Qc5 Re8 28. Qxa7 Qxh6 29. Qxb7 Qh5+ 30. Ke1 Nd5 31. Qxc6 Nxe3 32. Qxe8+ Kh7 33. Qxe3 1-0

[Event "RN-2014-0-00815"]
[Site "LSS email"]
[Date "2014.06.25"]
[Round "?"]
[White "Ortega, Rayner"]
[Black "Gorman, Andrew"]
[Result "0-1"]
[WhiteElo "562"]
[BlackElo "844"]
[PlyCount "34"]
[EventDate "2014.06.15"]
[EventType "tourn (corr)"]
[EventRounds "6"]
[EventCountry "GER"]
[SourceTitle "Corr 2015"]
[Source "ChessBase"]
[SourceDate "2015.07.17"]
[SourceVersion "1"]
[SourceVersionDate "2015.07.17"]
[SourceQuality "1"]

1. e4 e5 2. Nf3 Nc6 3. c3 Nf6 4. Bd3 Bc5 5. b4 Bb6 6. 0-0 0-0 7. a4 a6 8. Ba3 d6 9. h3 Bd7 10. a5 Ba7 11. Bc4 Be6 12. Bxe6 fxe6 13. d3 h6 14. Nbd2 Qd7 15. Nh2 Rf7 16. Ndf3 Ne7 17. Re1 c6 0-1

[Event "SN-2014-0-00602"]
[Site "LSS email"]
[Date "2014.06.07"]
[Round "?"]
[White "Raines, David T"]
[Black "Ortega, Rayner"]
[Result "1-0"]
[WhiteElo "939"]
[BlackElo "562"]
[PlyCount "43"]
[EventDate "2014.05.23"]
[EventType "tourn (corr)"]
[EventRounds "6"]
[EventCountry "GER"]
[SourceTitle "Corr 2015"]
[Source "ChessBase"]
[SourceDate "2015.07.17"]
[SourceVersion "1"]
[SourceVersionDate "2015.07.17"]
[SourceQuality "1"]

1. Nf3 c5 2. c4 Nc6 3. Nc3 d6 4. g3 e6 5. Bg2 Nge7 6. 0-0 d5 7. cxd5 exd5 8. d4 c4 9. e4 dxe4 10. Nxe4 Nf5 11. Re1 Bb4 12. Nf6+ Kf8 13. Re8+ Qxe8 14. Nxe8 Be6 15. Nc7 Rc8 16. Nxe6+ fxe6 17. Be3 Nxe3 18. fxe3 Kf7 19. Ng5+ Ke7 20. Qg4 Nd8 21. Bxb7 Nxb7 22. Qxe6+ 1-0

[Event "OP-2014-0-03409"]
[Site "LSS email"]
[Date "2014.05.31"]
[Round "?"]
[White "Ortega, Rayner"]
[Black "Winbush, Jerome"]
[Result "0-1"]
[WhiteElo "562"]
[BlackElo "1726"]
[PlyCount "60"]
[EventDate "2014.05.21"]
[EventType "tourn (corr)"]
[EventRounds "4"]
[EventCountry "GER"]
[SourceTitle "Corr 2015"]
[Source "ChessBase"]
[SourceDate "2015.07.17"]
[SourceVersion "1"]
[SourceVersionDate "2015.07.17"]
[SourceQuality "1"]

1. Nc3 d5 2. d4 Nf6 3. e3 e6 4. Bd3 c5 5. Nf3 Nc6 6. Bb5 Bd6 7. Bxc6+ bxc6 8. dxc5 Bxc5 9. a3 Ba6 10. b4 Bd6 11. Na2 e5 12. Bd2 0-0 13. Nc3 Bc7 14. Ne2 Qd6 15. 0-0 e4 16. Ng3 exf3 17. Qxf3 Bxf1 18. Kxf1 Ne4 19. Nxe4 dxe4 20. Qe2 Rfd8 21. Rd1 Qxh2 22. Qg4 Qe5 23. Ke1 Rd6 24. g3 Rad8 25. Qf4 Qxf4 26. gxf4 a5 27. bxa5 Bxa5 28. Kf1 Rxd2 29. Rxd2 Rxd2 30. c4 Rc2 0-1

[Event "OP-2014-0-03409"]
[Site "LSS email"]
[Date "2014.05.31"]
[Round "?"]
[White "Trusewicz, Aleksandra"]
[Black "Ortega, Rayner"]
[Result "1-0"]
[WhiteElo "1604"]
[BlackElo "562"]
[PlyCount "71"]
[EventDate "2014.05.21"]
[EventType "tourn (corr)"]
[EventRounds "4"]
[EventCountry "GER"]
[SourceTitle "Corr 2015"]
[Source "ChessBase"]
[SourceDate "2015.07.17"]
[SourceVersion "1"]
[SourceVersionDate "2015.07.17"]
[SourceQuality "1"]

1. f4 d5 2. Nf3 Bg4 3. Ne5 Be6 4. c4 f6 5. Qa4+ c6 6. cxd5 Bxd5 7. Nf3 Bxf3 8. gxf3 Nh6 9. e3 e6 10. Qb3 Qd6 11. Qxb7 Be7 12. Qxa8 0-0 13. Qxa7 e5 14. fxe5 fxe5 15. Nc3 Bh4+ 16. Kd1 Nd7 17. Bc4+ Kh8 18. Ne4 Qe7 19. b3 Nf5 20. Ba3 Qd8 21. Be6 Nxe3+ 22. Qxe3 Rf4 23. Nd6 Qa5 24. Nc4 Qc7 25. Bd6 Qd8 26. Bxd7 Qxd7 27. Nxe5 Qf5 28. Nxc6 Qc8 29. Bxf4 Bf6 30. Rc1 Bb2 31. Rc4 h6 32. Rg1 g5 33. Be5+ Bxe5 34. Qxe5+ Kh7 35. Qe7+ Kg6 36. Ne5+ 1-0

[Event "RN-2014-0-00800"]
[Site "LSS email"]
[Date "2014.05.24"]
[Round "?"]
[White "Ortega, Rayner"]
[Black "Bester, Kazimierz"]
[Result "1-0"]
[WhiteElo "574"]
[BlackElo "766"]
[PlyCount "55"]
[EventDate "2014.05.03"]
[EventType "tourn (corr)"]
[EventRounds "6"]
[EventCountry "GER"]
[SourceTitle "Corr 2022"]
[Source "ChessBase"]
[SourceDate "2021.10.24"]
[SourceVersion "1"]
[SourceVersionDate "2021.10.24"]
[SourceQuality "1"]

1. e4 d5 2. exd5 Qxd5 3. d3 Nc6 4. c4 Qe5+ 5. Be2 Nd4 6. f4 Qa5+ 7. Bd2 Qa6 8. b4 Qe6 9. Nc3 Nf6 10. Nf3 Nxf3+ 11. gxf3 Bd7 12. Qc2 0-0-0 13. b5 Qh3 14. 0-0-0 Bf5 15. Qa4 Kb8 16. c5 Bxd3 17. Rhe1 Bxe2 18. Rxe2 Qxf3 19. Ree1 e6 20. c6 bxc6 21. bxc6 Qxc6 22. Qxc6 Bd6 23. Be3 Rhe8 24. Nb5 Ng4 25. Bxa7+ Kc8 26. Nxd6+ Rxd6 27. Rxd6 Re7 28. Qa8# 1-0

[Event "SN-2014-0-00593"]
[Site "LSS email"]
[Date "2014.05.13"]
[Round "?"]
[White "Linart, Ludvik"]
[Black "Ortega, Rayner"]
[Result "1-0"]
[WhiteElo "922"]
[BlackElo "562"]
[PlyCount "55"]
[EventDate "2014.04.26"]
[EventType "tourn (corr)"]
[EventRounds "6"]
[EventCountry "GER"]
[SourceTitle "Corr 2015"]
[Source "ChessBase"]
[SourceDate "2015.07.17"]
[SourceVersion "1"]
[SourceVersionDate "2015.07.17"]
[SourceQuality "1"]

1. d4 c5 2. d5 c4 3. Nc3 a6 4. a4 e6 5. dxe6 fxe6 6. e4 Bb4 7. Bd2 Bxc3 8. Bxc3 Qe7 9. Bxc4 d5 10. Bd3 Nh6 11. Qh5+ Qf7 12. Qxf7+ Nxf7 13. Bxg7 Rg8 14. Bf6 Rxg2 15. exd5 exd5 16. 0-0-0 Rxf2 17. Bh4 Rf4 18. Bg3 Rxa4 19. Bxh7 Ng5 20. Bg6+ Kf8 21. Rxd5 Nh3 22. Kb1 b5 23. Bf5 Bxf5 24. Rxf5+ Kg7 25. Nxh3 Nc6 26. Rd1 Rf8 27. Rd7+ Kg8 28. Rg5+ 1-0

[Event "SN-2014-0-00593"]
[Site "LSS email"]
[Date "2014.05.13"]
[Round "?"]
[White "Ortega, Rayner"]
[Black "Malyszek, Tomasz"]
[Result "0-1"]
[WhiteElo "562"]
[BlackElo "950"]
[PlyCount "66"]
[EventDate "2014.04.26"]
[EventType "tourn (corr)"]
[EventRounds "6"]
[EventCountry "GER"]
[SourceTitle "Corr 2015"]
[Source "ChessBase"]
[SourceDate "2015.07.17"]
[SourceVersion "1"]
[SourceVersionDate "2015.07.17"]
[SourceQuality "1"]

1. e4 e5 2. c4 Bc5 3. Nf3 Nf6 4. Nc3 Ng4 5. Qc2 Bxf2+ 6. Ke2 Bc5 7. h3 Nh6 8. d3 Nc6 9. a3 0-0 10. Bxh6 gxh6 11. Qd2 Qf6 12. Nd5 Qd6 13. b4 Bd4 14. c5 Qg6 15. b5 Bxa1 16. bxc6 bxc6 17. Ne7+ Kg7 18. Nxg6 hxg6 19. g4 Rb8 20. Ke3 d5 21. Bg2 d4+ 22. Nxd4 Bxd4+ 23. Kf3 Rb3 24. a4 Ba6 25. Ke2 Rb2 26. Qxb2 Bxb2 27. Rb1 Bd4 28. Kd2 Rd8 29. Bf3 Bxc5 30. Be2 Bb6 31. Rb4 Ba5 32. Kc3 c5 33. Kb3 Bxb4 0-1

[Event "ZN-2014-0-02714"]
[Site "LSS email"]
[Date "2014.05.10"]
[Round "?"]
[White "Ducharme, Steven"]
[Black "Ortega, Rayner"]
[Result "1-0"]
[WhiteElo "1065"]
[BlackElo "586"]
[PlyCount "57"]
[EventDate "2014.05.05"]
[EventType "match (corr)"]
[EventRounds "2"]
[EventCountry "GER"]
[SourceTitle "Corr 2022"]
[Source "ChessBase"]
[SourceDate "2021.10.24"]
[SourceVersion "1"]
[SourceVersionDate "2021.10.24"]
[SourceQuality "1"]

1. e4 e5 2. f4 d6 3. d3 Nc6 4. c3 Nf6 5. Be2 h5 6. Nf3 Bg4 7. 0-0 Bxf3 8. Bxf3 Rh6 9. fxe5 Nxe5 10. Bxh6 gxh6 11. Bxh5 Nxh5 12. Qxh5 Qg5 13. Qxg5 hxg5 14. d4 Nd3 15. Nd2 0-0-0 16. Rxf7 b5 17. Raf1 Bh6 18. R1f6 Rf8 19. Rxf8+ Bxf8 20. Rxf8+ Kb7 21. Rg8 Nxb2 22. Rxg5 a6 23. e5 dxe5 24. Rxe5 Nd1 25. Ne4 Nb2 26. Nc5+ Kb6 27. Re6+ c6 28. Nxa6 Na4 29. Nb4 1-0

[Event "OP-2014-0-03395"]
[Site "LSS email"]
[Date "2014.05.08"]
[Round "?"]
[White "Ortega, Rayner"]
[Black "Hlavacek, Ladislav"]
[Result "0-1"]
[WhiteElo "576"]
[BlackElo "1890"]
[PlyCount "52"]
[EventDate "2014.05.02"]
[EventType "tourn (corr)"]
[EventRounds "4"]
[EventCountry "GER"]
[SourceTitle "Corr 2022"]
[Source "ChessBase"]
[SourceDate "2021.10.24"]
[SourceVersion "1"]
[SourceVersionDate "2021.10.24"]
[SourceQuality "1"]

1. d4 Nf6 2. d5 e6 3. dxe6 fxe6 4. Nc3 Bb4 5. Bd2 d5 6. e3 e5 7. a3 Be7 8. Bb5+ c6 9. Ba4 0-0 10. Bb3 Nbd7 11. Qe2 Kh8 12. Nf3 e4 13. Nd4 Nb6 14. h3 c5 15. Ndb5 a6 16. Na4 axb5 17. Nc3 b4 18. Na4 Nxa4 19. axb4 Nc3 20. Bxc3 Rxa1+ 21. Kd2 Rxh1 22. Bxf6 Bxf6 23. bxc5 Qa5+ 24. c3 Bxc3+ 25. bxc3 Qa1 26. c4 Qc1# 0-1

[Event "ZN-2014-0-02706"]
[Site "LSS email"]
[Date "2014.05.03"]
[Round "?"]
[White "Ortega, Rayner"]
[Black "Mori, Roberto"]
[Result "1-0"]
[WhiteElo "562"]
[BlackElo "527"]
[PlyCount "77"]
[EventDate "2014.05.01"]
[EventType "match (corr)"]
[EventRounds "2"]
[EventCountry "GER"]
[SourceTitle "Corr 2015"]
[Source "ChessBase"]
[SourceDate "2015.07.17"]
[SourceVersion "1"]
[SourceVersionDate "2015.07.17"]
[SourceQuality "1"]

1. e4 e5 2. Nf3 Nc6 3. Bb5 Bd6 4. Bxc6 bxc6 5. d4 exd4 6. Qxd4 h6 7. e5 Qe7 8. 0-0 Bc5 9. Qc3 Bb4 10. Qb3 Ba6 11. c4 Bc5 12. Nc3 Qe6 13. Ne4 Bb6 14. Qc3 Bxc4 15. Re1 Ne7 16. Nfd2 Bd5 17. Qg3 Qf5 18. Qf3 0-0 19. Qxf5 Nxf5 20. b3 Rfe8 21. Bb2 Ba5 22. Re2 Re6 23. Nc5 Rg6 24. g3 d6 25. exd6 cxd6 26. Nd3 Bb6 27. a4 Nh4 28. Nb4 Ba5 29. Nxd5 cxd5 30. Kf1 Bxd2 31. Rxd2 Nf3 32. Rxd5 Nxh2+ 33. Kg2 Ng4 34. Rad1 Rf6 35. Bxf6 gxf6 36. Rxd6 Rb8 37. Rd8+ Rxd8 38. Rxd8+ Kg7 39. Rd7 1-0